The Air Quality Standards (Wales) Regulations 2007 (Record no. 106838)

MARC details
000 -LEADER
fixed length control field 01146cad a22002415a 4500
001 - CONTROL NUMBER
control field L137589
008 - FIXED-LENGTH DATA ELEMENTS--GENERAL INFORMATION
fixed length control field 070417e20070306xxk f l f000 0 eng d
020 ## - INTERNATIONAL STANDARD BOOK NUMBER
International Standard Book Number 9780110915357
035 ## - SYSTEM CONTROL NUMBER
System control number (Sirsi) u137589
041 0# - LANGUAGE CODE
Language code of text/sound track or separate title eng
110 2# - MAIN ENTRY--CORPORATE NAME
Corporate name or jurisdiction name as entry element Wales
Form subheading Laws, etc
9 (RLIN) 5045
245 04 - TITLE STATEMENT
Title The Air Quality Standards (Wales) Regulations 2007
Medium [electronic resource]
260 ## - PUBLICATION, DISTRIBUTION, ETC.
Place of publication, distribution, etc. London
Name of publisher, distributor, etc. OPSI
Date of publication, distribution, etc. 2007
490 #0 - SERIES STATEMENT
Series statement SI
Volume/sequential designation 2007: 717 (W.63)
520 ## - SUMMARY, ETC.
Summary, etc. Comes into force 15 March 2007 and deals with the attainment and maintenance of air quality standards with appropriate action plans. Covers the duty to assess air quality and the necessary assessment methods. Considers the monitoring of ozones and aromatic hydrocarbons before dealing with public information and participation.
590 ## - LOCAL NOTE (RLIN)
Local note KA
650 24 - SUBJECT ADDED ENTRY--TOPICAL TERM
Topical term or geographic name entry element AIR POLLUTION
650 24 - SUBJECT ADDED ENTRY--TOPICAL TERM
Topical term or geographic name entry element THE AIR QUALITY STANDARDS (WALES) REGULATIONS 2007
651 #4 - SUBJECT ADDED ENTRY--GEOGRAPHIC NAME
Geographic name Wales
Chronological subdivision 1998-2007
690 ## - LOCAL SUBJECT ADDED ENTRY--TOPICAL TERM (OCLC, RLIN)
Topical term or geographic name as entry element ENVIRONMENTAL AND LAND CONSULTANCY-SUSTAINABILITY-SUSTAINABLE DEVELOPMENT
856 40 - ELECTRONIC LOCATION AND ACCESS
Uniform Resource Identifier <a href="https://www.opsi.gov.uk/legislation/wales/wsi2007/20070717e.htm">https://www.opsi.gov.uk/legislation/wales/wsi2007/20070717e.htm</a>
Public note View the item free of charge at www.opsi.gov.uk...
942 ## - ADDED ENTRY ELEMENTS (KOHA)
Suppress in OPAC 0
Holdings
Withdrawn status Lost status Source of classification or shelving scheme Damaged status Not for loan Home library Current library Shelving location Date acquired Total Checkouts Full call number Barcode Date last seen Copy number Price effective from Koha item type
    Dewey Decimal Classification     Virtual Virtual Online 17/04/2007   L137589 137589-1001 06/08/2019 1 06/08/2019 Book